| 000 | 00439nam a2200145Ia 4500 | ||
|---|---|---|---|
| 999 |
_c174 _d174 |
||
| 003 | OSt | ||
| 008 | 191201s2004 xx 000 0 und d | ||
| 022 | _a9789353067038 | ||
| 100 | _aROBBINS, Stephen P., Timothy A. Judge, Neharika Vohra | ||
| 245 | 0 | _aOrganizational Behavior | |
| 260 |
_aNew Delhi _bPearson Education India _c2004 |
||
| 300 | _aPg. 675, Dimensions: 20.3 x 25.4 x 4.7 cm | ||
| 650 | _aCommunication Skills | ||
| 942 |
_2ddc _cBK _09 |
||